000 00269nam a2200121 a 4500
008 101026s1981|||| d
100 1 _aMarkov, Georgij
245 1 0 _aTestament
260 _bTatran
_aBratislava
_c1981
020 _c13
041 _aslo
044 _axo
_cSK
999 _c12307
_d12307